000 00559nam a22001817a 4500
999 _c480862
_d480862
003 ASAB
005 20200206102400.0
008 180511t xxu||||| |||| 00| 0 eng d
038 _aZahoor
040 _cASAB
082 _a616
100 _aMehwish Mushtaq-sup-Dr. Attya Bhatti
_928317
245 _aTH-MS-Functional Analaysis of MBD2 gene in Rheumatoid Aethritis patients
_cMehwish Mushtaq-sup-Dr. Attya Bhatti
260 _aIslamabad
_bASAB (NCVI)
_c2013
300 _avi, 57 P
_b30 cm
630 _aVirology and Immunology
_913894
942 _2ddc
_cTHE